Trigos arqueológicos de España (Record no. 128966)

MARC details
000 -LEADER
campo de control de longitud fija 00918nam a2200241 i 4500
001 - NÚMERO DE CONTROL
campo de control 128966
003 - IDENTIFICADOR DE NÚMERO DE CONTROL
campo de control ES-MaACL
005 - FECHA Y HORA DE LA ÚLTIMA TRANSACCIÓN
campo de control 20260210163246.0
007 - CAMPO FIJO DE DESCRIPCIÓN FÍSICA--INFORMACIÓN GENERAL
campo de control de longitud fija t|
008 - DATOS DE LONGITUD FIJA--INFORMACIÓN GENERAL
campo de control de longitud fija 070531s1954 sp ||||1| spa d
080 ## - NÚMERO DE LA CLASIFICACIÓN DECIMAL UNIVERSAL
Número de la Clasificación Decimal Universal 561.421(46)
080 ## - NÚMERO DE LA CLASIFICACIÓN DECIMAL UNIVERSAL
Número de la Clasificación Decimal Universal 633.11:571(46)
100 1# - ENTRADA PRINCIPAL--NOMBRE DE PERSONA
Nombre de persona Téllez Molina, Ricardo.
9 (RLIN) 109644
245 10 - MENCIÓN DEL TÍTULO
Título Trigos arqueológicos de España
Resto del título : (Spanish archaeological wheats) /
Mención de responsabilidad, etc. por R. Téllez y F. Ciferri.
260 ## - PUBLICACIÓN, DISTRIBUCIÓN, ETC.
Lugar de publicación, distribución, etc. Madrid :
Nombre del editor, distribuidor, etc. Instituto Nacional de Investigaciones Agronómicas,
Fecha de publicación, distribución, etc. 1954.
300 ## - DESCRIPCIÓN FÍSICA
Extensión 129 p. :
Otras características físicas il. ;
Dimensiones 24 cm.
500 ## - NOTA GENERAL
Nota general Precede al tít.: Ministerio de Agricultura. Dirección General de Agricultura.
700 1# - ENTRADA AGREGADA--NOMBRE PERSONAL
Nombre de persona Ciferri, F.
9 (RLIN) 38798
710 ## - ENTRADA AGREGADA--NOMBRE DE ENTIDAD CORPORATIVA
Nombre de entidad corporativa o nombre de jurisdicción como elemento de entrada Instituto Nacional de Investigaciones Agronómicas
Sede del congreso/Lugar de la reunión (España)
9 (RLIN) 219222
710 10 - ENTRADA AGREGADA--NOMBRE DE ENTIDAD CORPORATIVA
Nombre de entidad corporativa o nombre de jurisdicción como elemento de entrada España.
Unidad subordinada Dirección General de Agricultura
9 (RLIN) 3699
852 ## - LOCALIZACIÓN
Ubicación ES-MaACL
Número de control de estantería C-8714
Sublocalización o colección R.36767
Holdings
Estatus retirado Estado de pérdida Estado de daño No para préstamo Biblioteca de origen Biblioteca actual Ubicación en estantería Fecha de adquisición Fuente de adquisición Total de préstamos Signatura topográfica completa Código de barras Visto por última vez Precio de reemplazo Tipo de ítem Koha
        Biblioteca del Ateneo de Madrid Biblioteca del Ateneo de Madrid Sala Palomar 17/01/2008     C-8714 1134307 23/02/2023 23/02/2023 Libro impreso